| 000 | 01173cam a22003254a 4500 | ||
|---|---|---|---|
| 999 |
_c330922 _d330922 |
||
| 001 | 17059423 | ||
| 003 | NUST | ||
| 005 | 20180117090028.0 | ||
| 008 | 111128s2013 caua b 001 0 eng | ||
| 010 | _a 2011049043 | ||
| 020 | _a9781452203409 (pbk.) | ||
| 020 | _a1452203407 (pbk.) | ||
| 035 | _a(OCoLC)ocn764593530 | ||
| 040 |
_aDLC _beng _cDLC _dNTD _dYDXCP _dDLC |
||
| 042 | _apcc | ||
| 050 | 0 | 0 |
_aHM1261 _b.N67 2013 |
| 082 | 0 | 0 |
_a303.3/4 _223 |
| 100 | 1 |
_aNorthouse, Peter Guy. _94124 |
|
| 245 | 1 | 0 |
_aLeadership : _btheory and practice / _cPeter G. Northouse. |
| 250 | _a6th ed. | ||
| 260 |
_aThousand Oaks : _bSAGE, _cc2013. |
||
| 300 |
_axviii, 485 p. : _bill. ; _c23 cm. |
||
| 504 | _aIncludes bibliographical references and index. | ||
| 650 | 0 |
_aLeadership. _9300 |
|
| 650 | 0 |
_aLeadership _vCase studies. _94125 |
|
| 906 |
_a7 _bcbc _corignew _d1 _eecip _f20 _gy-gencatlg |
||
| 942 |
_2ddc _cBK |
||